| 000 | 00503cam a22001931 4500 | ||
|---|---|---|---|
| 001 | 3109565 | ||
| 005 | 20180111072204.0 | ||
| 008 | 781018r19471946nyua 000 0 eng | ||
| 010 | _a 47001356 | ||
| 040 |
_aDLC _cDLC _dDLC |
||
| 041 | _aeng | ||
| 080 | _a793.3 | ||
| 082 | 0 | 0 | _a793.3 MAR |
| 100 | 1 | _a21 | |
| 101 | _aGJL | ||
| 245 | 1 | 4 |
_aThe dance; _cby John Martin ... |
| 906 |
_a7 _bcbc _corignew _du _eocip _f19 _gy-gencatlg |
||
| 942 |
_2ddc _cBK |
||
| 999 |
_c40121 _d40121 |
||